000 00913nam a2200277 a 4500
008 951030s1991||||[C 0 slo c
020 _a8090045537
_c15
040 _aSNK
_bslo
_cSNK
_eAACR2
041 1 _aslo
_hslo
044 _axo
_cSK
080 _a796-051(437.6):929
080 _a929
080 _a929
100 1 _aMráz, Igor
_4aut
245 1 0 _aPreslávili Slovensko
_cIgor Mráz ; Dušan Koutný, Peter Pospíšil, Ján Géci, Jaromír Polák, František Mayer
250 _a1., vyd.
260 _aBratislava
_bS-GLÓBUS
_c1991
_eBratislava
_fDanubiaprint
300 _a179 s.
_c21 cm
500 _aLit. 15. Publ. vznikla v spolupráci s Olympijskou spoločnosťou Slovenska. 15 zázn. v slov. a češ.
700 1 _aKoutný, Dušan
_4bkd
700 1 _aPospíšil, Peter
_4bkd
700 1 _aGéci, Ján
_4bkd
700 1 _aPolák, Jaromír
_4bkd
700 1 _aMayer, František
_4bkd
958 _aA
999 _c18743
_d18743